Statistics for 10 Ethiopian states in 30 seconds!

Click here to take the quiz!

General Stats

  • This quiz has been taken 22 times
  • The average score is 5 of 10

Answer Stats

Answer% Correct
Amhara
88%
Tigray
81%
Oromo
75%
Afar
69%
Somalia
50%
Sidama
31%
Benshangul
25%
Debub
19%
Gambela
19%
Harare
19%

Score Distribution

Percentile by Number Answered

Percent of People with Each Score

Your Score History

You have not taken this quiz